La república de las letras : un teatro para la acción social /

Narraciones testimoniales de la labor educativa realizada por el Colectivo Cuatrotrapos a través del teatro popular y de ahí a los procesos de educación popular en la costa andaluza, durante los años que van de 1997 a 2002. El proyecto nace de la improvisación y la amistad, se inicia una compañía de...

Бүрэн тодорхойлолт

-д хадгалсан:
Номзүйн дэлгэрэнгүй
Бусад зохиолчид: Santos, Ana (autor) (autor)
Формат: Ном
Хэл сонгох:испани
Хэвлэсэн: Málaga, España : Atrapasueños : Colectivo Cuatrotrapos, 2004
Цуврал:(Nuestros Barrios, Nuestros Pueblos)
Нөхцлүүд:
Шошгууд: Шошго нэмэх
Шошго байхгүй, Энэхүү баримтыг шошголох эхний хүн болох!

MARC

LEADER 00000nam^a2200000^a^4500
001 000399011
005 20250521000000.0
009 20260310121540.094
020 |a 84-607-3071-9 
037 |a Acervo ITESO - Biblioteca 
041 |a ESP 
082 |a 361. 80946  |b REP 
245 0 3 |a La república de las letras :  |b un teatro para la acción social /  |c A. Santos... [et al.]. 
264 1 |a Málaga, España :  |b Atrapasueños :  |b Colectivo Cuatrotrapos,  |c 2004 
300 |a 103 p. 
336 |a texto  |b txt  |2 rdacontenido 
337 |a sin mediación  |b n  |2 rdamedio 
338 |a volumen  |b nc  |2 rdasoporte 
440 1 |a (Nuestros Barrios, Nuestros Pueblos) 
520 |a Narraciones testimoniales de la labor educativa realizada por el Colectivo Cuatrotrapos a través del teatro popular y de ahí a los procesos de educación popular en la costa andaluza, durante los años que van de 1997 a 2002. El proyecto nace de la improvisación y la amistad, se inicia una compañía de teatro en el que las actrices y los actores son niñas y niños; del Taller de Títeres nacería la Escuela Popular, una alternativa educativa para transformar el barrio y el pueblo. 
561 |a Obra autografiada por Charo Caraballo para Carlos Núñez Hurtado 
649 |a XX 
650 |a Niños -  |z España -  |x Condiciones Sociales y Culturales 
650 |a Barrios -  |z España 
650 |a Teatro Popular -  |z España 
650 |a Animación Sociocultural -  |z España 
650 |a Educación y Promoción Popular -  |z España -  |x Tema Principal 
700 |a Santos, Ana  |e (autor) 
910 |a Fondo Carlos Núñez Hurtado 
920 |a Impresos - Libros 
930 |a Fondos Especiales 
905 |a 117 
901 |a 0500294313  |b IT2  |c ESP  |i d79335  |u 20250521 
902 |a https://opac.biblio.iteso.mx/vufind/Record/000399011